000 00941nam a22003377a 4500
001 0000037
003 KOHA_MİRAKIL
005 20260207001157.0
007 ta
008 081212b2008 tu a|||gr||||#0|||1|tur |
020 _a9789754710106
_c29,465
040 _aTR-BiSEU
_btur
_cTR-BiSEU
_erda
041 0 _atur
044 _ctu
050 _aPE1112
_b.I54 2008
245 0 _aİngilizce dilbilgisi/
_ceditör Bahire Şerif.
264 1 _aİstanbul :
_bFono Yayınları
_c2008
300 _a590 sayfa :
_btbl.
336 _ametin
_btxt
_2rdacontent
337 _aaracısız
_bn
_2rdamedia
338 _acilt
_bnc
_2rdacarrier
490 1 _aFono yayınları ;
_v062.
490 1 _aGramer kitapları dizisi
650 0 _aDil.
_91577
650 0 _aİngilizce.
_91578
650 0 _aİngilizce' nin grameri.
_91579
830 1 _aFono yayınları ;
_v062.
_91580
830 1 _aGramer kitapları dizisi
_9497
907 _aDil
942 _2lcc
_cBK
999 _c38
_d38